| 000 | 00545nam a2200205 4500 | ||
|---|---|---|---|
| 001 | 113658 | ||
| 003 | ES-MaACL | ||
| 005 | 20260210162438.0 | ||
| 007 | t| | ||
| 008 | 061121s1929 fr r ||||1| fre d | ||
| 100 | 1 |
_aPacottet, Paul. _988163 |
|
| 245 | 1 | 0 |
_aViticulture / _cpar Paul Pacottet. |
| 250 | _a5e èd. | ||
| 260 |
_aParis : _bCorbeil, _c1929. |
||
| 300 |
_a554 p. ; _c19 cm. |
||
| 490 | 1 | _aEncyclopedie agricole | |
| 830 | 0 |
_aEncyclopédie agricole _9180885 |
|
| 852 |
_aES-MaACL _jF-15059 _bR.18366 |
||
| 999 |
_c113658 _d113658 |
||